JYP Entertainment Groups - Statistics

General Stats
  • This quiz has been taken 107 times
  • The average score is 7 of 13
Answer Stats
Debut Song Group % Correct
Hellevator Stray Kids
91%
Like Ooh-Aah Twice
86%
Dalla Dalla Itzy
85%
O.O Nmixx
85%
10 Out of 10 2PM
63%
Congratulations Day6
61%
Happy Death Day Xdinary Heroes
61%
Bad Girl Good Girl Miss A
49%
Girls Girls Girls GOT7
46%
Step and a Step NiziU
34%
Irony Wondergirls
33%
This Song 2AM
27%
Enough Boy Story
22%
No matching quizzes found
Score Distribution
Percent of People with Each Score
Percentile by Number Answered
Your Score History
You have not taken this quiz